00310nam a2200097Ia 45000010005000000080041000050820026000461000018000722450098000902600024001881604241024s9999 xx 000 0 und d a[*SIN CLASIFICACION*] aBANCO MUNDIAL 0aUna experiencia exitosa que contribuye a mejorar la calidad de la educacion en America Latina bPeru, Banco Mundial